Shrinking Cities in Georgia - Statistics

General Stats
  • This quiz has been taken 7 times
  • The average score is 4 of 8
Answer Stats
Population Growth Rate (%) City % Correct
69,647 -11 Albany
75%
15,210 -0.6 Brunswick
75%
16,230 -5.3 Americus
50%
10,220 -8.8 Cordele
50%
13,930 -4.7 College Park
25%
16,074 -0.6 Dublin
25%
17,070 -6.5 Milledgeville
25%
13,942 -4.6 Waycross
25%
No matching quizzes found
Score Distribution
Percent of People with Each Score
Percentile by Number Answered
Your Score History
You have not taken this quiz